| 000 | 00360nam a22001577a 4500 | ||
|---|---|---|---|
| 003 | SGT | ||
| 020 | _a978-1-4292-3414-6 | ||
| 082 |
_a612.015 _bL13N |
||
| 100 | _aNELSON, DAVID L | ||
| 245 | _aLEHNINGER PRINCIPLES OF BIOCHEMISTRY | ||
| 250 | _a6TH | ||
| 260 |
_aDELHI _bW-H. PREEMAN & COM _c2013 |
||
| 300 | _a1250 | ||
| 650 | _aBIOCHEMISTRY | ||
| 942 |
_2ddc _cBK |
||
| 999 |
_c8782 _d8782 |
||